000
00324nam a22001337a 4500
008
180123b xxu||||| |||| 00| 0 eng d
020
_a
9780312108229
041
_a
eng
080
_a
82
100
_a
22
101
_a
gju
245
_a
sings of life readings on popular culture writers
_c
sonia.m
942
_2
udc
_c
BK
999
_c
40753
_d
40753